Brazilian Football Players Quiz Stats

 Plays Quiz Updated Jul 11, 2017

Support Sporcle.
Go Orange.
Score 0/20 Timer 05:00
13 Plays Today
Hint Answer % Correct
Pelé
99.2%
Ronaldo
97.4%
Neymar
95.9%
Ronaldinho
95%
Kaká
92.8%
Roberto Carlos
88%
Thiago Silva
85.2%
Rivaldo
84.7%
Cafu
79.3%
Júlio César
70.7%
Hint Answer % Correct
Sócrates
66.9%
Romário
64%
Dunga
60.3%
Zico
58.3%
Lúcio
53%
Garrincha
52.4%
Carlos Alberto Torres
39.9%
Rivelino
27.4%
Jairzinho
26.7%
Didi
15.1%

You're not logged in!

Compare scores with friends on all Sporcle quizzes.
OR
Log In
Forgot?

From the Vault

Capital-Country Picking (A-Z)

by RobPro

It's like the countries, capitals and alphabet all got together to have some fun!
Remove Ads.
Support Sporcle.
Get the best of Sporcle when you Go Orange. This ad-free experience offers more features, more stats, and more fun while also helping to support Sporcle. Thank you for becoming a member.

Show Comments

Extras

Top Quizzes Today


Score Distribution

Your Account Isn't Verified!

In order to create a playlist on Sporcle, you need to verify the email address you used during registration. Go to your Sporcle Settings to finish the process.

Report this User

Report this user for behavior that violates our Community Guidelines.

Details: